| 000 | 00482nam a2200097Ia 4500 | ||
|---|---|---|---|
| 008 | 180130s9999 xx 000 0 und d | ||
| 245 |
_cAvallone, Nathalie; Chedor, Severine; Mucchielli, Jean-Louis _aInternational trade in disembodied technology: trends, patterns and comparisons for European and OECD countries |
||
| 260 | _c2013 | ||
| 300 | _aBook title: Innovation and creativity : pillars of the future global economy--Acession number C17287; pages 15-42 | ||
| 650 | _aGLOBAL ECONOMY | ||
| 999 |
_c354580 _d354580 |
||